Entrevías / (Registro nro. 12341)

Detalles MARC
000 -LEADER
longitud fija campo de control 02808nam a22004217a 4500
003 - IDENTIFICADOR DE NUMERO DE CONTROL
control del campo AR-RoUNA
005 - FECHA DE LA ULTIMA MODIFICACION
control del campo 20260408062852.0
040 ## - ORIGEN DE LA CATALOGACION
Agencia que cataloga la obra original AR-RoUNA
Idioma en que se cataloga spa
041 ## - CODIGO DE IDIOMA
Codigo de idioma del texto / sonido o titulo separado spa
044 ## - CODIGO DE PAIS / ENTIDAD PRODUCTORA
Codigo MARC del pais ag
100 ## - ASIENTO PRINCIPAL - NOMBRE PERSONAL
Nombre personal Cáceres, Gimena Agustina
9 (RLIN) 27605
245 ## - TITULO PROPIAMENTE DICHO
Titulo Entrevías /
Mencion de responsabilidad, etc Gimena Agustina Cáceres y María Laura Vallasciani; tutor Marcos Dana
250 ## - MENCION DE EDICION
Edicion declarada 1a. ed.
260 ## - EDITORIAL - PUBLICACION, DISTRIBUCION, ETC. (Pie de imprenta)
Lugar de publicacion, distribucion, etc Rosario (Santa Fe,Argentina) ,
Fecha de publicacion setiembre, 2025
300 ## - DESCRIPCION FISICA
Extension 151 p. :
Otros detalles fisicos fot. col.,
-- plantas,
Dimensiones 30x42 cm
502 ## - NOTA DE PROYECTO
Nota de proyecto Proyecto Final de Carrera -- Facultad de Arquitectura, Planeamiento y Diseño -- Universidad Nacional de Rosario
504 ## - NOTA DE BIBLIOGRAFIA
Nota de bibliografia, etc. p. 149
505 0# - NOTA DE CONTENIDO CON FORMATO
Título INDICE
505 0# - NOTA DE CONTENIDO CON FORMATO
Título 01. INTRODUCCION
505 0# - NOTA DE CONTENIDO CON FORMATO
Título 02. ESCALA METROPOLITANA.
505 0# - NOTA DE CONTENIDO CON FORMATO
Título 03. ESCALA URBANA.
505 0# - NOTA DE CONTENIDO CON FORMATO
Título 04. ESCALA ARQUITECTONICA.
505 0# - NOTA DE CONTENIDO CON FORMATO
Título 05. ESCALA DEDETALLE
505 0# - NOTA DE CONTENIDO CON FORMATO
Título 06. REFLEXION FINAL
520 ## - NOTA DE RESUMEN
Nota de resumen, etc. El propósito central de este proyecto es brindar una solución urbana y arquitectónica a la deficiente infraestructura de movilidad en la ciudad de Rosario. Durante su desarrollo, realizamos un estudio detallado sobre la cantidad de personas que ingresan a la ciudad, analizando los distintos medios de transporte y su flujos Partimos de una hipótesis de que Rosario presenta un sistema de transporte desarticulado, con un tránsito deficiente en sus principales accesos: las autopistas Rosario-Córdoba, Rosario-Santa Fe y Rosario-Buenos Aires. Para abordar esta problemática, decidimos trabajar sobre el Eje Metropolitano Este-Oeste, definido en el Plan Urbano Rosario, mediante la propuesta de un monorriel que conecte las tres principales vías de afluencia de pasajeros, acuáticos, aérea y terrestre. Entre la opciones planteadas por la cátedra -Estación Fluvial, Aeropuerto y Estación Intermodal de Pasajeros- optamos por la última, considerándola un punto clave de convergencia urbana. Este tipo de edificio multimensional debe integrar diversos medios de transporte, escalas, tiempos y velocidades en un mismo espacio, y para que estas interacciones sean efectivas, resulta fundamental un diseño arquitectónico adecuado. Nuestra propuesta busca consolidad la Estación Intermodal de pasajeros no solo un nuevo equipamiento urbano, sino como un nodo estratégico y la nueva puerta de entrada a la ciudad de Rosario.
610 1# - MATERIA - NOMBRE CORPORATIVO
Nombre corporativo o de jurisdiccion como entrada Catedra Arq. Alejandro Beltramone
9 (RLIN) 4766
650 4# - MATERIA - TERMINO TEMATICO
Termino tematico general Proyectos de arquitectura
9 (RLIN) 4765
650 4# - MATERIA - TERMINO TEMATICO
Termino tematico general Transformación urbana
9 (RLIN) 3498
650 4# - MATERIA - TERMINO TEMATICO
Termino tematico general Movilidad urbana
9 (RLIN) 9815
651 #0 - MATERIA - NOMBRE GEOGRAFICO
Termino geografico Rosario (Santa Fe, Argentina)
9 (RLIN) 1246
700 1# - ENTRADA SECUNDARIA - NOMBRES PERSONALES
Nombre personal Vallasciani, María Laura
9 (RLIN) 27606
700 1# - ENTRADA SECUNDARIA - NOMBRES PERSONALES
Nombre personal Dana, Marcos
Función Tut.
9 (RLIN) 24770
908 ## - SOPORTE
Soporte Imp
930 ## - ACCESION
Numero de accesion (NR) 0639
942 ## - FUENTE DE CLASIFICACION
Clasificacion Universal Decimal Classification
Tipo de item Proyectos finales
945 ## - INFORMACION DE PROCESAMIENTO
Fecha de ingreso o modificacion 2020-03-13
980 ## - EQUIVALENCE OR CROSS-REFERENCE-SERIES STATEMENT--PERSONAL NAME/TITLE [LOCAL, CANADA]
Linkage 5
Personal name María Machado
Field link and sequence number
Miscellaneous information CRON CRON
Existencias
Estado retiro Estado perdido Sistema de clasificacion Estado general Biblioteca de origen Ubicacion actual Localizacion en estante Fecha de adquisicion Fuente de adquisicion Prestamos totales Signatura y librística Numero de inventario (BARCODE) Fecha ultima visto Numero de ejemplar Fecha del precio de reemplazo Tipo de elemento KOHA Nota no publica
Disponible Disponible udc No dañado Arq. Hilarión H. Larguia Arq. Hilarión H. Larguia HHL 12/02/2026 Don   656(821.6.17) C118 PFC0673 12/02/2026 ej. 1 12/02/2026 Proyectos finales